The 'Port' Game Quiz Stats

 Plays Quiz Updated Apr 10, 2014

Challenge
Share
Tweet
Embed
Score 0/20 Timer 03:00
0 Plays Today
Hint Answer % Correct
European country, capital LisbonPortugal
89.3%
Largest city in Maine or Oregon, USAPortland
88.1%
You need one to travel internationallypassport
87.2%
LAX, for oneairport
85.4%
Any competitive activity (though some people insist NASCAR or golf don't count)sport
79.2%
Fat, euphemisticallyportly
75.3%
A common type of edible mushroomPortobello
69.2%
It can follow book, TPS, or Colbertreport
67.4%
One of two Caribbean capitals starting with PortPort-au-Prince/Port of Spain
59.8%
Someone who ruins things for othersspoilsport
52.3%
Hint Answer % Correct
One of the two factors of a trade deficitexport/import
51.3%
3rd largest city in Wales, also a Rhode Island cityNewport
46.8%
'True Grit' author Charles or NFL back ClintonPortis
38.1%
A word made of the beginning of one word and the ending of anotherportmanteau
31.3%
Video game with the computer GLaDOS as the villainPortal
28.3%
Largest city in ConnecticutBridgeport
27%
A cosmodrome, or космодром, to a Russianspaceport
27%
One of two Oceania capitals starting with PortPort Moresby/Port Vila
25%
Capital of BeninPorto Novo
16.7%
2004 film starring Gene Hackman and Ray RomanoWelcome to Mooseport
15.3%

You're not logged in!

Compare scores with friends on all Sporcle quizzes.
OR
Log In

You Might Also Like...

Show Comments

Extras

Top Quizzes Today


Score Distribution

Your Account Isn't Verified!

In order to create a playlist on Sporcle, you need to verify the email address you used during registration. Go to your Sporcle Settings to finish the process.

Report this User

Report this user for behavior that violates our Community Guidelines.

Details: